Flagi LGBT - Statystyki

Ogólne statystyki
  • Ten quiz został rozwiązany 494 razy
  • Średni wynik to 6 z 10
Statystyki odpowiedzi
Obrazkowy Odpowiedź % Poprawnych
Transpłciowość
98%
Biseksualność
90%
Lesbijki
87%
Panseksualność
82%
Aseksualność
68%
Niebinarność
63%
Interseksualność
49%
Aromantyczność
41%
Demiseksualność
38%
Poliseksualność
30%
Nie znaleziono quizów pasujących do podanych kryteriów
Rozkład punktacji
Procent ludzi z każdym wynikiem
Percentyl według liczby udzielonych odpowiedzi
Twoja historia wyników
Nie rozwiązałeś tego quizu